000 00581nam a2200241Ia 4500
003 OSt
005 20220924144556.0
006 a|||||r|||| 00| 0
007 ta
008 220923b |||||||| |||| 00| 0 urd d
020 _c15.50
024 _a315976
037 _cTextual
040 _aARTS
_cARTS
_burd
041 _2urd
_aurd
082 _aO168,1N28x, L5
100 _aBekal Ustahi
_9217942
245 0 _aParwaiyaan
260 _c1975
650 _aURDU POETRY
942 _hO168,1N28x, L5
_cTEXL
_2CC
999 _c457532
_d457532